000 01297nam a22002417a 4500
005 20250416144229.0
008 250416b |||||||| |||| 00| 0 eng d
020 _a978-8196593308
020 _a978-8196593353
020 _a978-8196593315
020 _a978-8196593377
037 _cREF
040 _aCRL
_cCRL
_dCRL
084 _aQ14:21 152R4.1-4
_qCRL
245 _aअथर्ववेद का सुबोध भाष्य
260 _aगुजरात, भारत:
_bस्वाध्याय मण्डल,
_c2024.
300 _aभाग 1.काण्ड 1 - 3 (564पृ0) -- भाग 2.काण्ड 4 - 6 (562पृ0) -- भाग 3.काण्ड 7 - 10 (591पृ0) -- भाग 4.काण्ड 11 - 20 (1152पृ0)
650 _2धर्म
_aधर्म
650 _2हिन्दू धर्म
700 _aसातवलेकर, दामोदर
942 _2CC
_cREF
_hQ14:21 152R4.1-4
_n0
999 _c1309061
_d1309061